000 00697cam a2200169 i 4500
005 20251216092922.0
008 250721s2003 jo gr 000 0 ara d
082 1 4 _a216.911
_bع و ض
100 1 _aالعوضي، أحمد
_eمؤلف.
245 1 0 _aنظام الحكم في الإسلام :
_bالقانون الدستوري الإسلامي نظرية الدولة في الإسلام /
_cالدكتور احمد العوضي.
264 3 1 _aالكرك-عمان :
_bدار رند للنشر و التوزيع،
_c2003.
300 _a309 صفحة.
650 1 7 _aالفقه الاسلامي.
650 1 7 _aالاحكام السلطانية.
942 _2ddc
_cBK
999 _c96061
_d96061